|
|
|
|
| LEADER |
01979nam a2200541 i 4500 |
| 001 |
nkc20193146625 |
| 003 |
CZ PrNK |
| 005 |
20191126091035.0 |
| 007 |
ta |
| 008 |
191008s2019 xr af e f 000 0 cze |
| 015 |
|
|
|a cnb003146625
|
| 020 |
|
|
|a 978-80-7597-528-7
|q (brožováno) :
|c Kč 349,00
|
| 035 |
|
|
|a (OCoLC)1130277126
|
| 040 |
|
|
|a BOA001
|b cze
|e rda
|
| 072 |
|
7 |
|a 796
|x Sport. Hry. Tělesná cvičení
|2 Konspekt
|9 20
|
| 080 |
|
|
|a 796.51
|2 MRF
|
| 080 |
|
|
|a 796.524
|2 MRF
|
| 080 |
|
|
|a 796.02
|2 MRF
|
| 080 |
|
|
|a 379.82/.84
|2 MRF
|
| 080 |
|
|
|a (035)
|2 MRF
|
| 100 |
1 |
|
|a Kosek, Petr,
|d 1979-
|7 mzk2007390349
|4 aut
|
| 245 |
1 |
0 |
|a Nalehko :
|b méně věcí - víc zábavy : jak si užít i stovky kilometrů dlouhý trek /
|c Petr Kosek
|
| 250 |
|
|
|a 1. vydání
|
| 264 |
|
1 |
|a Praha :
|b XYZ,
|c 2019
|
| 300 |
|
|
|a 166 stran, 16 nečíslovaných stran obrazových příloh :
|b ilustrace (převážně barevné) ;
|c 23 cm
|
| 336 |
|
|
|a text
|b txt
|2 rdacontent
|
| 337 |
|
|
|a bez média
|b n
|2 rdamedia
|
| 338 |
|
|
|a svazek
|b nc
|2 rdacarrier
|
| 500 |
|
|
|a Terminologický slovník
|
| 650 |
0 |
7 |
|a pěší turistika
|7 ph124864
|2 czenas
|
| 650 |
0 |
7 |
|a vysokohorská turistika
|7 ph116646
|2 czenas
|
| 650 |
0 |
7 |
|a trekking
|7 ph116479
|2 czenas
|
| 650 |
0 |
7 |
|a sportovní vybavení
|7 ph138656
|2 czenas
|
| 650 |
0 |
7 |
|a dovednosti a znalosti
|7 ph124546
|2 czenas
|
| 650 |
0 |
9 |
|a hiking
|2 eczenas
|
| 650 |
0 |
9 |
|a alpine hiking
|2 eczenas
|
| 650 |
0 |
9 |
|a trekking
|2 eczenas
|
| 650 |
0 |
9 |
|a sports equipment
|2 eczenas
|
| 650 |
0 |
9 |
|a ability and knowledge
|2 eczenas
|
| 655 |
|
7 |
|a příručky
|7 fd133209
|2 czenas
|
| 655 |
|
9 |
|a handbooks and manuals
|2 eczenas
|
| 910 |
2 |
|
|a BOA001
|b 2-1434.690
|
| 928 |
9 |
|
|a Albatros Media - XYZ
|
| 990 |
|
|
|a BK
|
| 995 |
|
|
|a 01
|
| 991 |
|
|
|b 201910
|c NOV
|
| 996 |
6 |
|
|b 2610801730
|c 2-1434.690
|l MZK
|r Sklad / do 1 hodiny
|n 8
|p p.v.
|w 001763485
|u 000010
|a 1
|e BOA001
|j MZK50
|s P
|
| 996 |
7 |
|
|b 2610805669
|c 2-1434.690
|l Vol.výběr
|r VV 1p
|n 26
|p kup
|h 796.5 KOS
|w 001763485
|u 000020
|a 0
|e BOA001
|j MZK50
|s A
|